White-Collar unionism in Britain: a survey of the present position (Record no. 347892)

000 -LEADER
fixed length control field 00396cam a22001217a 4500
008 - FIXED-LENGTH DATA ELEMENTS--GENERAL INFORMATION
fixed length control field 180718b1973 xxu||||| |||| 00| 0 eng d
082 ## - DEWEY DECIMAL CLASSIFICATION NUMBER
Classification number K731x42 L971
100 ## - MAIN ENTRY--PERSONAL NAME
Personal name Lumley, Roger
245 ## - TITLE STATEMENT
Title White-Collar unionism in Britain: a survey of the present position
Statement of responsibility, etc. by Roger Lumley
260 ## - PUBLICATION, DISTRIBUTION, ETC.
Place of publication, distribution, etc. London
Name of publisher, distributor, etc. Methuen
Date of publication, distribution, etc. 1973
300 ## - PHYSICAL DESCRIPTION
Extent 160p.
650 ## - SUBJECT ADDED ENTRY--TOPICAL TERM
Topical term or geographic name entry element White collar workers --Labor unions --Great Britain
Holdings
Withdrawn status Lost status Damaged status Not for loan Permanent Location Current Location Date acquired Full call number Barcode Date last seen Price effective from Koha item type
        Indian Institute of Public Administration Indian Institute of Public Administration 1993-10-20 K731x42 L971 48203 2018-07-21 2018-07-21 Book

Powered by Koha